Word of mouth marketing Marketing truyền miệng là cách nhanh nhất để thuyết phục người dùng biết về sản phẩm của bạn

সংরক্ষণ করুন:
গ্রন্থ-পঞ্জীর বিবরন
প্রধান লেখক: Sernovitz, Andy
অন্যান্য লেখক: Nguyễn, Linh Giang (Dịch)
বিন্যাস: গ্রন্থ
ভাষা:Vietnamese
প্রকাশিত: Hà Nội Lao động xã hội; Công ty sách Alpha 2019
সংস্করন:Tái bản lần thứ 3
বিষয়গুলি:
ট্যাগগুলো: ট্যাগ যুক্ত করুন
কোনো ট্যাগ নেই, প্রথমজন হিসাবে ট্যাগ করুন!
Thư viện lưu trữ: Trung tâm Học liệu Lê Vũ Hùng, Trường Đại học Đồng Tháp
LEADER 01051nam a22002898a 4500
001 00046010
005 20201130081158.0
008 181029s2018####-vm#################vie|d
020 # # |a 9786046542582  |c 109000 
041 0 # |a vie 
082 1 4 |a 658.8  |b W434D 
100 1 # |a Sernovitz, Andy 
245 1 0 |a Word of mouth marketing  |c Andy Sernovitz ; Nguyễn Linh Giang (dịch)  |b Marketing truyền miệng là cách nhanh nhất để thuyết phục người dùng biết về sản phẩm của bạn 
250 # # |a Tái bản lần thứ 3 
260 # # |a Hà Nội  |b Lao động xã hội; Công ty sách Alpha  |c 2019 
300 # # |a 300 tr.  |c 21 cm 
653 # # |a Bí quyết 
653 # # |a Truyền miệng 
653 # # |a Tiếp thị 
653 # # |a Kinh doanh 
653 # # |a Marketing 
653 # # |a Thành công 
700 1 # |a Nguyễn, Linh Giang  |e Dịch 
852 # # |j KD.0027554 
910 # # |d 30/11/2020 
980 # # |a Trung tâm Học liệu Lê Vũ Hùng, Trường Đại học Đồng Tháp